|
|
|
|
| LEADER |
00000cam a2200000 a 4500 |
| 001 |
vtls008345174 |
| 003 |
SK-MaSNL |
| 005 |
20260301020544.0 |
| 008 |
230403s1970 xo g 000 0 slo |
| 015 |
|
|
|a SNBA1970/09-02193
|
| 035 |
|
|
|a SK01SNK19700037391
|
| 035 |
|
|
|a urn:nbn:sk:snk-am3hb3q
|
| 035 |
|
|
|a 495B17EB-1FC0-4B93-9D1C-007F5A769921
|
| 035 |
|
|
|a urn:nbn:sk:snk-am008x5z
|
| 035 |
|
|
|a SKM000039854
|
| 040 |
|
|
|a SNK
|b slo
|c SNK
|e AACR2
|
| 041 |
0 |
|
|a slo
|
| 044 |
|
|
|a xo
|c SK
|
| 080 |
|
|
|a 222/228:282
|2 1981
|
| 245 |
0 |
0 |
|a Lekcionár
|n 5
|
| 250 |
|
|
|a [1.] vyd.
|
| 260 |
|
|
|a Bratislava
|b CN
|a Trnava
|b Spolok sv. Vojtecha
|c 1970
|
| 300 |
|
|
|a 220 s.
|c 4°
|
| 500 |
|
|
|a Podľa rím. predlohy Ordo lectionum
|
| 610 |
2 |
7 |
|a Rímskokatolícka cirkev
|2 SNKKA
|9 32394
|
| 630 |
0 |
7 |
|a Biblia
|2 SNKPH
|9 17043
|
| 650 |
0 |
7 |
|a liturgické knihy
|2 SNKPH
|9 1935
|
| 650 |
0 |
7 |
|a liturgické čítania
|2 SNKPH
|9 2018
|
| 650 |
0 |
7 |
|a omše
|2 SNKPH
|9 31382
|
| 655 |
|
7 |
|a príručky
|2 SNKPH
|9 74364
|
| 852 |
|
|
|a Slovenská národná knižnica
|
| 954 |
|
|
|a odborná, vedecká literatúra pôvodná (slovenská)
|2 lita
|
| 958 |
|
|
|a OND
|
| 958 |
|
|
|a NT
|
| 958 |
|
|
|a EUIPO
|
| 999 |
|
|
|c 563261
|d 565191
|
| 952 |
|
|
|a SNK
|b SNK
|y PREZ
|7 0
|p 17A0840773
|o snkSB 15585/5
|i snkKSP 6854/70
|0 0
|1 0
|4 0
|d 2014-12-29
|f 1
|l 0
|r 2025-03-17 00:00:00
|w 2026-02-23
|
| 952 |
|
|
|a SNK
|b SNK
|y VYP
|7 0
|o snkSB 15585/5 D1
|i snkKSP 6855/70
|0 0
|1 0
|4 0
|d 2014-12-29
|l 0
|r 2026-02-23 13:49:15
|w 2026-02-23
|